| 000 | 00539nab a2200193 a 4500 | ||
|---|---|---|---|
| 005 | 20210223132224.0 | ||
| 008 | 991125s1985 mx 000 0 spa u | ||
| 035 | _aUPN01000194226 | ||
| 100 | 1 |
_aMajchrzak, Irena, _d1927-2011 _938052 |
|
| 222 | _aTRANSATLÁNTICA DE EDUCACION | ||
| 245 | _aAlfabetización a partir del nombre propio | ||
| 260 | _aMéxico | ||
| 300 | _a83-87 | ||
| 362 | 0 | _a2007, Vol. 2, no. 2 | |
| 653 | 0 | _aEDUCACION DE ADULTOS | |
| 653 | 0 | _aALFABETIZACION | |
| 653 | 0 | _aMETODOS DE ENSEÑANZA | |
| 905 | _aArticulo | ||
| 999 |
_c166327 _d166327 |
||